000 00624nam a2200217 i 4500
001 105936
003 ES-MaACL
005 20250809070330.0
007 t|
008 060913s1954 fr ||||1| fre d
080 _a821.133.1-31"18"
100 1 _aProust, Marcel,
_d1871-1922
_994056
245 1 3 _aUn amour de Swann /
_cMarcel Proust.
260 _aParis :
_bGallimard,
_c[1954]
300 _a252 p. ;
_c17 cm.
490 1 _aLe Livre de poche ;
_v79
500 _aBiblioteca Juan Andrade.
830 0 3 _aLe livre de poche
_v79
_9179656
852 _aES-MaACL
_jAND-955
_bR.110243
999 _c105936
_d105936